000 00442nam a22001577a 4500
999 _c531433
_d531433
003 NUST
005 20191016114509.0
008 191016b ||||| |||| 00| 0 eng d
038 _aMSOHAIL
082 _a0
100 _aAshfaq Ahmed / اشفاق احمد
_924115
245 _aGadaria: Ujlay Phool / گڈریا: اُجلے پھول
260 _aLahore
_b Sang-e-Meel Publications
_c2012
300 _a160,p;
_c24cm
_eH.B.
942 _2ddc
_cBK